Kyrgyzstan’s Trade Patterns and FDI: Changes in Recent Years

Kirgizská republika je vnútrozemským členom Eurázijskej hospodárskej únie (EAEU) a strategicky dôležitým aktérom v stredoázijských obchodných sieťach. Hoci je krajina ekonomicky malá, zvýšila svoju integráciu v rámci EAEU a stala sa kľúčovým tranzitným bodom pre tovar vstupujúci do Únie, najmä od za...

ver descrição completa

Na minha lista:
Detalhes bibliográficos
Autor principal: Schagerl, Christopher, 1984-
Formato: Capítulo de Livro
Idioma:inglês
Assuntos:
Tags: Adicionar Tag
Sem tags, seja o primeiro a adicionar uma tag!

MARC

LEADER 00000naa$a2200000$$$4500
001 0314476
005 20260123121031.4
041 0 |a eng 
044 |a SK 
245 1 0 |a Kyrgyzstan’s Trade Patterns and FDI: Changes in Recent Years  |c Christopher Schagerl 
520 |a Kirgizská republika je vnútrozemským členom Eurázijskej hospodárskej únie (EAEU) a strategicky dôležitým aktérom v stredoázijských obchodných sieťach. Hoci je krajina ekonomicky malá, zvýšila svoju integráciu v rámci EAEU a stala sa kľúčovým tranzitným bodom pre tovar vstupujúci do Únie, najmä od zavedenia západných sankcií voči Rusku. Kirgizsko sa vo veľkej miere spolieha na medzinárodný obchod, vyváža nerasty – najmä zlato – ako aj uhlie, meď, rudy, textil a poľnohospodárske produkty. Zároveň je v porovnaní s Kazachstanom chudobná na zdroje a vysoko závislá od dovozu paliva, strojov, dopravných zariadení a chemikálií. 
610 2 0 |a Kirgizsko 
610 2 0 |a Európska únia 
610 2 0 |a obchod medzinárodný 
610 2 0 |a financie 
610 2 0 |a politika zahraničná 
610 2 0 |a porovnanie medzinárodné 
100 1 |a Schagerl, Christopher, 1984-